| 000 | 00540nam a22001817a 4500 | ||
|---|---|---|---|
| 003 | CEME | ||
| 005 | 20210628203003.0 | ||
| 008 | 210119b xxu||||| |||| 00| 0 eng d | ||
| 020 | _a0-7879-7427-7 | ||
| 040 | _c. | ||
| 082 | _a658.4092 DOT | ||
| 100 |
_aNoel, James.L, Walker, Norman, Dotlich, David.L _962727 |
||
| 245 | _aLeadership passage, the personal and professional transitions that make or break a leader | ||
| 260 |
_aUSA _bJOSSEY BASS _c2004 |
||
| 300 | _a232P | ||
| 650 |
_aLEADERSHIP.MANAGEMENT. _962728 |
||
| 942 |
_cBK _2ddc |
||
| 999 |
_c571744 _d571744 |
||